Microeconomics: principles, problems, and policies. / (Record no. 773)

MARC details
000 -LEADER
fixed length control field 00787nam a22001937a 4500
008 - FIXED-LENGTH DATA ELEMENTS--GENERAL INFORMATION
fixed length control field 120425t xxu||||| |||| 00| 0 eng d
020 ## - INTERNATIONAL STANDARD BOOK NUMBER
International Standard Book Number 0070468206
050 ## - LIBRARY OF CONGRESS CALL NUMBER
Classification number HB172.C15
100 ## - MAIN ENTRY--PERSONAL NAME
Personal name McConnell, Campbell R.
245 ## - TITLE STATEMENT
Title Microeconomics: principles, problems, and policies. /
Statement of responsibility, etc. Campbell R. McConnell and Stanley L. Brue
250 ## - EDITION STATEMENT
Edition statement 13th ed.
260 ## - PUBLICATION, DISTRIBUTION, ETC.
Place of publication, distribution, etc. New York:
Name of publisher, distributor, etc. McGraw Hill,
Date of publication, distribution, etc. c1996.
300 ## - PHYSICAL DESCRIPTION
Extent xxiv, 522 p.:
Other physical details ill.;
Dimensions 25cm.
500 ## - GENERAL NOTE
General note Includes index.
505 ## - FORMATTED CONTENTS NOTE
Formatted contents note Contents: An Introduction to economics and the economy -- Microeconomics of product markets -- Microeconomics of resource markets -- Government and current economic problems -- International economics and the world economy.
650 ## - SUBJECT ADDED ENTRY--TOPICAL TERM
Topical term following geographic name entry element Microeconomics
700 ## - ADDED ENTRY--PERSONAL NAME
Personal name Brue, Stanley L.
942 ## - ADDED ENTRY ELEMENTS (KOHA)
Source of classification or shelving scheme Library of Congress Classification
Koha item type Books
Holdings
Withdrawn status Lost status Source of classification or shelving scheme Damaged status Not for loan Home library Current library Shelving location Date acquired Total Checkouts Full call number Barcode Date last seen Copy number Price effective from Koha item type
    Library of Congress Classification     WISCONSIN INTERNATIONAL UNIVERSITY COLLEGE, GHANA - MAIN LIBRARY WISCONSIN INTERNATIONAL UNIVERSITY COLLEGE, GHANA - MAIN LIBRARY General Stacks 25/04/2012   HB172.C15 1688/12 25/04/2012 1 25/04/2012 Books
    Library of Congress Classification     WISCONSIN INTERNATIONAL UNIVERSITY COLLEGE, GHANA - MAIN LIBRARY WISCONSIN INTERNATIONAL UNIVERSITY COLLEGE, GHANA - MAIN LIBRARY General Stacks 25/04/2012   HB172.C153 1689/12 25/04/2012 2 25/04/2012 Books

If you have any concerns or questions; kindly contact the library


© Powered by WIUC ICT DIRECTORATE